000 02414cam a2200349 i 4500
001 10584709
003 CaAEU
005 20251117132408.0
008 230109t20242023enkb e 000 1 eng d
020 _a9780349437019 (paperback)
035 _aon1429610898
040 _aAU@
_beng
_erda
_cAU@
_dOCLCO
_dOCLCQ
_dORU
_dUKBUR
_dOCLCO
050 4 _aPS3625.A7384
_bF68 2024
100 _aYarros, Rebecca
_eauthor.
_924950
245 1 0 _aFourth wing
_c/ Rebecca Yarros.
246 3 _a4th wing
264 1 _aLondon :
_bPiatkus,
_c2024.
264 4 _c©2023.
300 _a561 pages :
_bmaps ;
_c20 cm.
490 1 _aThe Empyrean ;
_v1
500 _aFirst published in 2023.
520 _aWelcome to the brutal and elite world of Basgiath War College, where everyone has an agenda, and every night could be your last . . . Twenty-year-old Violet Sorrengail was supposed to enter the Scribe Quadrant, living a quiet life among books and history. Now, the commanding general - also known as her tough-as-talons mother - has ordered Violet to join the hundreds of candidates striving to become the elite of Navarre: dragon riders. But when you're smaller than everyone else and your body is brittle, death is only a heartbeat away . . . because dragons don't bond to 'fragile' humans. They incinerate them. With fewer dragons willing to bond than cadets, most would kill Violet to better their own chances of success. The rest would kill her just for being her mother's daughter - like Xaden Riorson, the most powerful and ruthless wingleader in the Riders Quadrant. She'll need every edge her wits can give her just to see the next sunrise. Yet, with every day that passes, the war outside grows more deadly, the kingdom's protective wards are failing, and the death toll continues to rise. Even worse, Violet begins to suspect leadership is hiding a terrible secret. Alliances will be forged. Lives will be lost. Traitors will become allies . . . or even lovers. But sleep with one eye open because once you enter, there are only two ways out: graduate or die.
650 0 _aDragons
_vFiction.
650 0 _aImaginary wars and battles
_vFiction
_924133
650 0 _aSecrecy
_vFiction.
_925722
650 0 _aMothers and daughters
_vFiction.
650 0 _aConspiracies
_vFiction.
650 0 _aMagic
_vFiction.
_924059
655 0 _aFantasy fiction
_922510
800 _aYarros, Rebecca,
_tEmpyrean ;
_v1.
942 _2lcc
999 _c4552
_d4552